| 000 | 00573nam a2200193 i 4500 | ||
|---|---|---|---|
| 001 | 134869 | ||
| 003 | ES-MaACL | ||
| 005 | 20230906194748.0 | ||
| 007 | t| | ||
| 008 | 070629s1924 sp ||||1| spa d | ||
| 080 | _a621.3(022) | ||
| 100 | 1 |
_aThomael, Adolf. _9109992 |
|
| 245 | 1 | 0 |
_aElectrotecnia / _cAdolf Thomaelen ; traducida por Francisco Planell y Eduardo Barrau. |
| 260 |
_aBarcelona : _bLabor, _c1924. |
||
| 300 |
_aXVIII, 608 p. : _bil. ; _c24 cm. |
||
| 700 | 1 |
_aPlanell, Francisco. _992544 |
|
| 700 | 1 |
_aBarrau, Eduardo. _925860 |
|
| 852 |
_aES-MaACL _jF-4219 |
||
| 999 |
_c134869 _d134869 |
||